Central Library OPAC University of Rajshahi

Business management for small retailers / (Record no. 75754)

MARC details
000 -LEADER
fixed length control field 00650nam a22002293 4500
001 - CONTROL NUMBER
control field 75754
003 - CONTROL NUMBER IDENTIFIER
rucl marc code BD-RjUL
005 - DATE AND TIME OF LATEST TRANSACTION
control field 20211209082733.0
008 - FIXED-LENGTH DATA ELEMENTS--GENERAL INFORMATION
fixed length control field 190629s1921 enk 000 0 eng d
035 ## - SYSTEM CONTROL NUMBER
System control number OCLC pks04075814 from D970321K
System control number (BD-RjUL)75973
040 ## - CATALOGING SOURCE
Original cataloging agency EQO
Transcribing agency EQO
Language of cataloging eng
Modifying agency BD-RjUL
041 ## - LANGUAGE CODE
Language code of text/sound track or separate title eng
082 ## - DEWEY DECIMAL CLASSIFICATION NUMBER
Edition number 23
Classification number 658
Author mark and year THB 1921
100 1# - MAIN ENTRY--PERSONAL NAME
Personal name Theedam, H. M.
9 (RLIN) 232088
245 10 - TITLE STATEMENT
Title Business management for small retailers /
Statement of responsibility, etc. H. M.Theedam
260 ## - PUBLICATION, DISTRIBUTION, ETC. (IMPRINT)
Place of publication, distribution, etc. London:
Date of publication, distribution, etc. 1921.
Name of publisher, distributor, etc. Sir I. Pitman & Sons, Ltd.
300 ## - PHYSICAL DESCRIPTION
Pagination vii, 108 page:
Illustrations ill.
650 ## - SUBJECT ADDED ENTRY--TOPICAL TERM
Topical term or geographic name as entry element Business.
9 (RLIN) 232089
Topical term or geographic name as entry element Retail trade.
9 (RLIN) 232090
942 ## - ADDED ENTRY ELEMENTS (KOHA)
Source of classification or shelving scheme Dewey Decimal Classification
Koha item type Books
Holdings
Lost status Source of classification or shelving scheme Damaged status Not for loan Collection code Permanent Location Current Location Shelving location Date acquired Total Checkouts Full call number Date last seen Copy number Koha item type
  Dewey Decimal Classification   Not For Loan Non-fiction Central Library, University of Rajshahi Central Library, University of Rajshahi Reading Room 29/06/2019   658 THB 1921 29/06/2019 C-1 Books